[Event "Summer Prague Open 2023 - B"]
[Site "Olympik hotel, Sokolovska 138, Praha"]
[Date "2023.08.06"]
[Round "4"]
[Board "4"]
[White "Enkhjin, Otgonbayar"]
[Black "Jaeger, Andre"]
[Result "1-0"]
[WhiteElo "1508"]
[BlackElo "1930"]
[PlyCount "75"]
[EventDate "2023.08.04"]
[EventRounds "9"]
[EventCountry "CZE"]

1. d4 Nf6 2. c4 d6 3. Nc3 Nbd7 4. e4 e5 5. dxe5 dxe5 6. Nf3 Bb4 7. Bg5 Bxc3+ 8. bxc3
h6 9. Bxf6 Qxf6 10. Bd3 O-O 11. O-O Nc5 12. Qc2 Rd8 13. Rad1 Bd7 14. Qb1 Bc6 15.
Bc2 Qf4 16. Rxd8+ Rxd8 17. Re1 g5 18. h3 h5 19. Nh2 Rd2 20. Nf3 Rd6 21. Nh2 g4 22.
hxg4 hxg4 23. Re3 Bd7 24. Nf1 Rh6 25. Rg3 Rh4 26. f3 Kf8 27. Qd1 b6 28. fxg4 Rxg4
29. Rf3 Qg5 30. Ne3 Rg3 31. Rxg3 Qxg3 32. Nd5 Bh3 33. Qd2 Kg7 34. Nxc7 Ne6 35. Ne8+
Kf8 36. Qd6+ Kg8 37. Nf6+ Kh8 38. Qb8+  1-0

[Event "Summer Prague Open 2023 - B"]
[Site "Olympik hotel, Sokolovska 138, Praha"]
[Date "2023.08.06"]
[Round "4"]
[Board "5"]
[White "Shtyntsov, Victor"]
[Black "Michel, Ladislav"]
[Result "1-0"]
[WhiteElo "1819"]
[BlackElo "1626"]
[PlyCount "93"]
[EventDate "2023.08.04"]
[EventRounds "9"]
[EventCountry "CZE"]

1. d4 Nf6 2. Nf3 e6 3. c4 Bb4+ 4. Bd2 a5 5. a3 Bxd2+ 6. Nbxd2 d5 7. e3 O-O 8. Qc2
Nc6 9. Bd3 h6 10. Rc1 Re8 11. Ne5 Nxe5 12. dxe5 Nd7 13. Nf3 c6 14. O-O f6 15. Bg6
Rf8 16. cxd5 exd5 17. e6 Ne5 18. Nxe5 fxe5 19. Bf7+ Rxf7 20. exf7+ Kxf7 21. f4 e4
22. Qc5 Qe7 23. Qxe7+ Kxe7 24. h3 Ra6 25. b3 Rb6 26. Rc3 Be6 27. f5 Bf7 28. Kf2 Rb5
29. a4 Rb4 30. Rb1 Kd6 31. g4 c5 32. Rbc1 b6 33. Kg3 Ke5 34. h4 d4 35. exd4+ cxd4
36. Rc7 Rxb3+ 37. Kh2 Bd5 38. Rxg7 d3 39. Re7+ Kf4 40. f6 d2 41. Rf1+ Kxg4 42. Rg7+
Kxh4 43. Rf4+ Kh5 44. Rf5+ Kh4 45. Rxd5 Rb2 46. Rg2 e3 47. f7  1-0

[Event "Summer Prague Open 2023 - B"]
[Site "Olympik hotel, Sokolovska 138, Praha"]
[Date "2023.08.06"]
[Round "4"]
[Board "6"]
[White "Marko, Ondrej"]
[Black "Cleaud, Cyril"]
[Result "1-0"]
[WhiteElo "1465"]
[BlackElo "1699"]
[PlyCount "83"]
[EventDate "2023.08.04"]
[EventRounds "9"]
[EventCountry "CZE"]

1. d4 Nf6 2. Nf3 g6 3. c4 c5 4. d5 b5 5. cxb5 a6 6. bxa6 Bxa6 7. Nc3 Bg7 8. g3 O-O
9. Bg2 d6 10. O-O Nbd7 11. Re1 Rb8 12. Qc2 Ng4 13. h3 Nge5 14. Nxe5 Nxe5 15. Rb1
Qa5 16. Qa4 Qb6 17. Qc2 Nc4 18. Bd2 Qa5 19. Ne4 Nxd2 20. Qxd2 Qxd2 21. Nxd2 Bxb2
22. Nb3 Ba3 23. Bf1 Rb6 24. e4 Bxf1 25. Kxf1 Rfb8 26. Nd2 Bb4 27. Nc4 Rb5 28. Re2
Bc3 29. Rxb5 Rxb5 30. Rc2 Ba5 31. a4 Rb1+ 32. Ke2 Bb4 33. Ra2 Rc1 34. a5 Rxc4 35.
a6 Rxe4+ 36. Kf3 Rd4 37. a7 c4 38. a8=Q+ Kg7 39. Rc2 Rd3+ 40. Ke2 Ra3 41. Qb7 Bc5
42. Qb2+  1-0

[Event "Summer Prague Open 2023 - B"]
[Site "Olympik hotel, Sokolovska 138, Praha"]
[Date "2023.08.06"]
[Round "4"]
[Board "7"]
[White "Cabela, Filip"]
[Black "Nguyen Nhat, Minh Thu"]
[Result "1-0"]
[WhiteElo "1631"]
[BlackElo "1068"]
[PlyCount "103"]
[EventDate "2023.08.04"]
[EventRounds "9"]
[EventCountry "CZE"]

1. e4 e5 2. Nf3 Nc6 3. Bc4 Bc5 4. O-O d6 5. c3 Bg4 6. h3 Bxf3 7. Qxf3 Qf6 8. Qd1
Nge7 9. d3 O-O 10. b4 Bb6 11. Nd2 Rad8 12. a4 a6 13. Nf3 h6 14. Qb3 Ng6 15. a5 Ba7
16. b5 axb5 17. Bxb5 Nce7 18. a6 bxa6 19. Rxa6 Bb6 20. Be3 Bxe3 21. fxe3 Rb8 22.
Qc4 Qe6 23. Ra7 Qxc4 24. Bxc4 c6 25. Nh4 d5 26. Nxg6 fxg6 27. Ba2 Rxf1+ 28. Kxf1
Kf8 29. exd5 cxd5 30. Ra5 Rd8 31. Ke2 Ke8 32. Kf3 Rd6 33. Bb3 Kd7 34. Ra7+ Ke6 35.
e4 Kf6 36. h4 Nc8 37. Rb7 Nb6 38. exd5 Nxd5 39. Bxd5 Rxd5 40. Rb6+ Kf7 41. Ke4 Ra5
42. c4 Ra2 43. c5 Rxg2 44. Kxe5 Ke7 45. Rb7+ Kd8 46. Rxg7 g5 47. Kd6 Kc8 48. c6 Kb8
49. Rg8+ Ka7 50. c7 Rd2 51. c8=Q Rxd3+ 52. Ke5  1-0

[Event "Summer Prague Open 2023 - B"]
[Site "Olympik hotel, Sokolovska 138, Praha"]
[Date "2023.08.06"]
[Round "4"]
[Board "8"]
[White "Svetly, Jiri"]
[Black "Potuznik, Cenek"]
[Result "1-0"]
[WhiteElo "1850"]
[BlackElo "1499"]
[PlyCount "45"]
[EventDate "2023.08.04"]
[EventRounds "9"]
[EventCountry "CZE"]

1. d4 Nf6 2. c4 g6 3. Nc3 Bg7 4. e4 O-O 5. Bg5 c5 6. d5 d6 7. Bd3 Nbd7 8. f4 Qc7
9. Nf3 e5 10. O-O exf4 11. Nb5 Qb6 12. a4 Ne5 13. a5 Qd8 14. h3 a6 15. Nc3 b6 16.
Bxf4 Nxd3 17. Qxd3 bxa5 18. Bg5 h6 19. Bh4 g5 20. Nxg5 hxg5 21. Bxg5 Bh8 22. e5 dxe5
23. Ne4  1-0

[Event "Summer Prague Open 2023 - B"]
[Site "Olympik hotel, Sokolovska 138, Praha"]
[Date "2023.08.06"]
[Round "4"]
[Board "9"]
[White "Nguyen, Thai Dang Vi"]
[Black "Mihal, Sergej"]
[Result "0-1"]
[WhiteElo "1505"]
[BlackElo "1846"]
[PlyCount "86"]
[EventDate "2023.08.04"]
[EventRounds "9"]
[EventCountry "CZE"]

1. e4 e5 2. Nf3 Nc6 3. d4 exd4 4. Nxd4 Bc5 5. Be3 Nxd4 6. Bxd4 Bxd4 7. Qxd4 Qf6 8.
Qxf6 Nxf6 9. Nc3 O-O 10. Bc4 Re8 11. f3 d6 12. O-O-O Be6 13. Bxe6 fxe6 14. Nb5 Re7
15. Rhe1 e5 16. c4 a6 17. Nc3 Kf7 18. Nd5 Nxd5 19. Rxd5 Ke6 20. Red1 b6 21. b4 Rb8
22. Kc2 Rd7 23. a4 c6 24. R5d3 Rbd8 25. Kb3 g5 26. Rc1 c5 27. Rb1 cxb4 28. Kxb4 Rc8
29. Ka3 Rc6 30. Rdb3 Rxc4 31. Rxb6 Ra7 32. Rd1 Rd4 33. Rc1 g4 34. Rcc6 gxf3 35. gxf3
a5 36. Kb3 Rd3+ 37. Rc3 Rxc3+ 38. Kxc3 Rf7 39. Rb5 Rxf3+ 40. Kc4 Re3 41. Rb7 Rxe4+
42. Kb5 Rb4+ 43. Ka6 Rxb7  0-1

[Event "Summer Prague Open 2023 - B"]
[Site "Olympik hotel, Sokolovska 138, Praha"]
[Date "2023.08.06"]
[Round "4"]
[Board "10"]
[White "Ashton, Alannah"]
[Black "Pesola, Jyrki"]
[Result "0-1"]
[WhiteElo "1499"]
[BlackElo "1842"]
[PlyCount "81"]
[EventDate "2023.08.04"]
[EventRounds "9"]
[EventCountry "CZE"]

1. e4 c5 2. Nf3 Nf6 3. e5 Nd5 4. Nc3 e6 5. Ne4 f5 6. Nc3 Nxc3 7. dxc3 d5 8. exd6
Bxd6 9. Bb5+ Nc6 10. Bxc6+ bxc6 11. Bg5 Qc7 12. Qd3 O-O 13. O-O-O Bf4+ 14. Bxf4 Qxf4+
15. Qd2 Qa4 16. Kb1 Rb8 17. h4 Ba6 18. h5 Rxb2+ 19. Kxb2 Rb8+ 20. Ka1 Bc4 21. Qd8+
Rxd8 22. Rxd8+ Kf7 23. Ne5+ Ke7 24. Rd7+ Ke8 25. Rxa7 Qxa7 26. Nxc4 Qa6 27. Rh4 Ke7
28. g3 Kf6 29. Kb2 e5 30. a3 e4 31. Ne3 g5 32. hxg6 hxg6 33. c4 Qb6+ 34. Ka2 Qa5
35. g4 Kg5 36. Rh1 f4 37. Ng2 Qc3 38. Rc1 Qxc4+ 39. Kb2 Qe2 40. a4 Qxf2 41. a5  0-1

[Event "Summer Prague Open 2023 - B"]
[Site "Olympik hotel, Sokolovska 138, Praha"]
[Date "2023.08.07"]
[Round "5"]
[Board "1"]
[White "Guggenheim, Hans"]
[Black "Chinguun, Otgonbayar"]
[Result "1/2-1/2"]
[WhiteElo "1845"]
[BlackElo "1914"]
[PlyCount "50"]
[EventDate "2023.08.04"]
[EventRounds "9"]
[EventCountry "CZE"]

1. d4 b5 2. e4 Bb7 3. f3 a6 4. Be3 e6 5. a4 b4 6. Nh3 Nc6 7. Nd2 Na5 8. Bd3 Nf6 9.
O-O Be7 10. Qe2 d6 11. c3 c5 12. dxc5 dxc5 13. cxb4 cxb4 14. Rfd1 O-O 15. Nc4 Rc8
16. Nxa5 Qxa5 17. b3 Bc5 18. Bc4 h6 19. Nf2 Qb6 20. Bxc5 Qxc5 21. Rd2 a5 22. Rad1
Nh5 23. g3 Qg5 24. Rd7 Bc6 25. R7d6 Bb7  1/2-1/2

[Event "Summer Prague Open 2023 - B"]
[Site "Olympik hotel, Sokolovska 138, Praha"]
[Date "2023.08.07"]
[Round "5"]
[Board "2"]
[White "Ilandzis, Spyridon"]
[Black "Andersson, Mitchell"]
[Result "1-0"]
[WhiteElo "1936"]
[BlackElo "1757"]
[PlyCount "125"]
[EventDate "2023.08.04"]
[EventRounds "9"]
[EventCountry "CZE"]

1. d4 Nf6 2. Bg5 Ne4 3. Bh4 c5 4. f3 Nf6 5. dxc5 Qa5+ 6. Nc3 Qxc5 7. e4 d6 8. Nb5
Na6 9. Bf2 Qb4+ 10. c3 Qa5 11. Bxa7 Bd7 12. a4 Bc6 13. b4 Qd8 14. a5 e6 15. Bb6 Qb8
16. Qd4 Be7 17. Na7 Bd7 18. Bb5 O-O 19. Ne2 e5 20. Qf2 Be6 21. O-O d5 22. Bxa6 bxa6
23. Nc6 Qd6 24. Nxe7+ Qxe7 25. Bc5 Qc7 26. Bxf8 Kxf8 27. exd5 Nxd5 28. Rac1 f6 29.
Rfd1 Rc8 30. Kh1 Kg8 31. Qh4 Ne3 32. Re1 Nd5 33. Qe4 f5 34. Qd3 f4 35. Qxa6 Re8 36.
Nd4 Bc8 37. Qc6 Qf7 38. Qc4 Bd7 39. Nc6 Bxc6 40. Qxc6 Ne3 41. Qe4 Nf5 42. c4 Ng3+
43. hxg3 Qh5+ 44. Kg1 fxg3 45. Qd5+ Kh8 46. Rc2 Qh2+ 47. Kf1 Qh1+ 48. Ke2 Qxg2+ 49.
Kd1 Qh3 50. Qe4 Qd7+ 51. Rd2 Qa4+ 52. Qc2 Qc6 53. Re4 Qf6 54. Qd3 h5 55. f4 h4 56.
fxe5 Qg5 57. Qd4 Qh5+ 58. Kc1 g5 59. e6+ Kg8 60. Qe5 Qg6 61. e7 g4 62. Rd6 Qg7 63.
Qd5+  1-0

[Event "Summer Prague Open 2023 - B"]
[Site "Olympik hotel, Sokolovska 138, Praha"]
[Date "2023.08.07"]
[Round "5"]
[Board "3"]
[White "Cabela, Filip"]
[Black "Shtyntsov, Victor"]
[Result "1/2-1/2"]
[WhiteElo "1631"]
[BlackElo "1819"]
[PlyCount "141"]
[EventDate "2023.08.04"]
[EventRounds "9"]
[EventCountry "CZE"]

1. e4 c5 2. Nc3 Nc6 3. Bb5 a6 4. Bxc6 bxc6 5. e5 Qc7 6. Nf3 d5 7. exd6 exd6 8. d4
cxd4 9. Qxd4 Nf6 10. Bf4 c5 11. Nd5 Nxd5 12. Qxd5 Bb7 13. Qd3 Qe7+ 14. Kd2 O-O-O
15. Rhe1 Qd7 16. Ke2 Qg4 17. Bg3 h5 18. h3 Qe4+ 19. Qxe4 Bxe4 20. c3 Be7 21. Kf1
Bd3+ 22. Kg1 Bf6 23. Rad1 c4 24. Bh4 Bxh4 25. Nxh4 Rhe8 26. Nf3 Kd7 27. Nd4 Rxe1+
28. Rxe1 a5 29. b3 Rc8 30. Rd1 cxb3 31. Rxd3 b2 32. Rd1 Rxc3 33. Ne2 Ra3 34. Rb1
Rxa2 35. Kh2 a4 36. Nc3 Ra3 37. Nxa4 Rxa4 38. Rxb2 Re4 39. Kg3 Ke6 40. Rb7 g5 41.
Kf3 d5 42. Rb8 f5 43. Re8+ Kf6 44. Ra8 Ke5 45. Ra5 h4 46. g3 g4+ 47. hxg4 fxg4+ 48.
Kg2 h3+ 49. Kh2 Re2 50. Kg1 Re1+ 51. Kh2 Ke4 52. Ra8 Rf1 53. Rf8 d4 54. Rf4+ Ke5
55. Rxg4 Rxf2+ 56. Kxh3 d3 57. Rg8 Rf6 58. Ra8 d2 59. Ra1 Ke4 60. g4 Rd6 61. Rd1
Ke3 62. g5 Ke2 63. Rxd2+ Rxd2 64. Kg4 Ke3 65. Kf5 Rd5+ 66. Kf6 Kf4 67. g6 Rf5+ 68.
Ke7 Rg5 69. Kf7 Rf5+ 70. Ke7 Re5+ 71. Kf7  1/2-1/2

[Event "Summer Prague Open 2023 - B"]
[Site "Olympik hotel, Sokolovska 138, Praha"]
[Date "2023.08.07"]
[Round "5"]
[Board "4"]
[White "Samartzis, Mihail"]
[Black "Enkhjin, Otgonbayar"]
[Result "1-0"]
[WhiteElo "1786"]
[BlackElo "1508"]
[PlyCount "135"]
[EventDate "2023.08.04"]
[EventRounds "9"]
[EventCountry "CZE"]

1. d4 Nf6 2. c4 g6 3. Nc3 Bg7 4. e4 d6 5. Nf3 c6 6. h3 a6 7. Bg5 b5 8. a3 bxc4 9.
Bxc4 h6 10. Bf4 e6 11. O-O d5 12. exd5 cxd5 13. Bd3 O-O 14. Qd2 Kh7 15. Rfe1 Nc6
16. b4 Nh5 17. Bh2 Kg8 18. g4 Nf6 19. Rac1 Bb7 20. Bf4 g5 21. Bg3 Qe7 22. Bb1 Rfd8
23. Qd3 Ne4 24. Nxe4 dxe4 25. Qxe4 Nxd4 26. Qh7+ Kf8 27. Nxd4 Rxd4 28. Bc7 Rc8 29.
Bb6 Rxc1 30. Rxc1 Qf6 31. Bxd4 Qxd4 32. Qd3 Qb6 33. Rd1 Bd5 34. Bc2 Be5 35. Bb3 Qd6
36. Bxd5 exd5 37. Qxd5 Bh2+ 38. Kg2 Qf4 39. Qd8+ Kg7 40. Qd4+ Qxd4 41. Rxd4 Be5 42.
Rd5 Bc7 43. a4 Kf6 44. Rc5 Bd6 45. Rc6 Ke5 46. Rxa6 Bxb4 47. Rxh6 f6 48. Rh7 Ke6
49. Rb7 Bc5 50. Rb5 Kd6 51. Kf3 Bd4 52. Ke2 Kc6 53. f3 Bg1 54. Kd3 Bf2 55. Ke4 Be1
56. Kf5 Bc3 57. Rb3 Bd4 58. a5 Kc7 59. a6 Kc8 60. Rb7 Be5 61. Rb6 Kc7 62. Rxf6 Bxf6
63. Kxf6 Kb6 64. Kxg5 Kxa6 65. Kf6 Kb7 66. g5 Kc8 67. g6 Kd7 68. g7  1-0

[Event "Summer Prague Open 2023 - B"]
[Site "Olympik hotel, Sokolovska 138, Praha"]
[Date "2023.08.07"]
[Round "5"]
[Board "5"]
[White "Mihal, Sergej"]
[Black "Marko, Ondrej"]
[Result "0-1"]
[WhiteElo "1846"]
[BlackElo "1465"]
[PlyCount "74"]
[EventDate "2023.08.04"]
[EventRounds "9"]
[EventCountry "CZE"]

1. e4 b6 2. d4 Bb7 3. Nc3 e6 4. Bd3 Bb4 5. Nge2 Nf6 6. Bg5 h6 7. Bd2 c5 8. dxc5 bxc5
9. e5 Bxc3 10. Nxc3 Nd5 11. Ne4 Qc7 12. Nd6+ Ke7 13. Qh5 Rf8 14. Bg5+ hxg5 15. Qxg5+
Nf6 16. Qxg7 Ne8 17. Qg5+ f6 18. Qh6 Nxd6 19. exd6+ Qxd6 20. O-O-O Nc6 21. Bg6 Nd4
22. c3 Kd8 23. cxd4 cxd4 24. Rxd4 Qxd4 25. Qxf8+ Kc7 26. Qa3 Qf4+ 27. Kb1 Bxg2 28.
Rc1+ Bc6 29. Qg3 Qxg3 30. fxg3 f5 31. h4 Kd6 32. Kc2 Ke7 33. Kd3 Kf6 34. h5 Rb8 35.
b3 Rb4 36. Rc4 Rb8 37. g4 Bb5  0-1

[Event "Summer Prague Open 2023 - B"]
[Site "Olympik hotel, Sokolovska 138, Praha"]
[Date "2023.08.07"]
[Round "5"]
[Board "6"]
[White "Sterba, Erik"]
[Black "Svetly, Jiri"]
[Result "1-0"]
[WhiteElo "1761"]
[BlackElo "1850"]
[PlyCount "65"]
[EventDate "2023.08.04"]
[EventRounds "9"]
[EventCountry "CZE"]

1. d4 Nf6 2. c4 g6 3. Nc3 Bg7 4. e4 d6 5. Nf3 O-O 6. h3 e5 7. Bg5 h6 8. Be3 exd4
9. Nxd4 Re8 10. f3 Nc6 11. Nxc6 bxc6 12. Qd2 Kh7 13. O-O-O Bb7 14. g4 a5 15. g5 Ng8
16. gxh6 Bh8 17. h4 a4 18. h5 a3 19. hxg6+ fxg6 20. b3 Qf6 21. Kc2 c5 22. Bd3 Qxc3+
23. Qxc3 Bxc3 24. Kxc3 Rf8 25. Rh3 Rae8 26. Rg1 Re6 27. Bc1 Ne7 28. Bb1 Nc6 29. f4
Nd4 30. Re1 Rfe8 31. Rhe3 Kxh6 32. f5 gxf5 33. Rg3+  1-0

[Event "Summer Prague Open 2023 - B"]
[Site "Olympik hotel, Sokolovska 138, Praha"]
[Date "2023.08.07"]
[Round "5"]
[Board "7"]
[White "Pesola, Jyrki"]
[Black "Perrin, Brent"]
[Result "1-0"]
[WhiteElo "1842"]
[BlackElo "1748"]
[PlyCount "97"]
[EventDate "2023.08.04"]
[EventRounds "9"]
[EventCountry "CZE"]

1. e4 d5 2. exd5 Qxd5 3. Nc3 Qd8 4. d4 Nf6 5. Nf3 Bg4 6. Be2 e6 7. Ne5 Bxe2 8. Nxe2
Nbd7 9. O-O Nxe5 10. dxe5 Qxd1 11. Rxd1 Nd5 12. c4 Nb6 13. b3 Be7 14. Be3 Nd7 15.
f4 O-O-O 16. Nc3 g5 17. g3 gxf4 18. gxf4 Nc5 19. Kf2 a5 20. Rxd8+ Kxd8 21. Rg1 Ke8
22. Kf3 Nd7 23. Ne4 Kf8 24. Nc3 f6 25. exf6 Nxf6 26. Ne4 Kf7 27. Ng5+ Ke8 28. Nxe6
Kd7 29. f5 b6 30. Rg7 Nh5 31. Rg2 c5 32. Ke4 Re8 33. Bg5 Bd6 34. Kf3 Rg8 35. Be3
Rxg2 36. Kxg2 Nf6 37. h4 Ne4 38. Ng5 Ng3 39. f6 Nf5 40. Bf2 h5 41. Kf3 Nd4+ 42. Ke4
Nc6 43. Be1 Ne5 44. Kd5 Nd3 45. Bd2 Bg3 46. Nf3 Nb4+ 47. Bxb4 cxb4 48. Ne5+ Ke8 49.
Ke6  1-0

[Event "Summer Prague Open 2023 - B"]
[Site "Olympik hotel, Sokolovska 138, Praha"]
[Date "2023.08.07"]
[Round "5"]
[Board "8"]
[White "Jankovsky, Zbynek"]
[Black "Pokorny, Jiri"]
[Result "0-1"]
[WhiteElo "1604"]
[BlackElo "1813"]
[PlyCount "160"]
[EventDate "2023.08.04"]
[EventRounds "9"]
[EventCountry "CZE"]

1. d4 Nf6 2. Bf4 g6 3. e3 Bg7 4. Bd3 O-O 5. Nd2 d5 6. h3 b6 7. Ngf3 Na6 8. c3 c5
9. O-O Bb7 10. Qe2 c4 11. Bc2 b5 12. b4 Nc7 13. a4 a6 14. a5 Re8 15. Be5 Nd7 16.
Bxc7 Qxc7 17. Rfd1 Rad8 18. Nf1 f6 19. Nh4 e5 20. Qg4 Nf8 21. Qg3 Bc8 22. e4 Bb7
23. exd5 Rxd5 24. Be4 Rd6 25. Bxb7 Qxb7 26. Rd2 Red8 27. Rad1 exd4 28. Rxd4 Rxd4
29. cxd4 Ne6 30. Qe3 Qd5 31. Qf3 Nxd4 32. Qxd5+ Rxd5 33. Ne3 Ne2+ 34. Kf1 Rxd1+ 35.
Nxd1 Nd4 36. Nc3 g5 37. Nf3 Nxf3 38. gxf3 f5 39. Na2 Kf7 40. Ke2 Ke6 41. Ke3 Ke5
42. Nc3 f4+ 43. Kd2 Bf8 44. Na2 Kd4 45. Kc2 Bg7 46. Nc3 Be5 47. Kd2 Bd6 48. Ne2+
Kd5 49. Nc3+ Ke5 50. Na2 Bb8 51. Nc3 Ba7 52. Ne4 h6 53. Kc3 Bd4+ 54. Kc2 Kd5 55.
Kd2 Ke5 56. Kc2 Ke6 57. Kd2 Kf5 58. Nd6+ Kg6 59. Ne4 h5 60. Ke2 Kf5 61. Nd6+ Ke6
62. Ne4 Kd5 63. Nxg5 Bc3 64. Ne4 Bxb4 65. Nf6+ Kd4 66. Nxh5 Ke5 67. Ng7 Bf8 68. Ne8
Bd6 69. h4 Kd5 70. h5 Be5 71. h6 c3 72. Kd3 b4 73. h7 b3 74. Nc7+ Kd6 75. Nxa6 c2
76. Kd2 Bb2 77. Nb4 c1=Q+ 78. Ke2 Bc3 79. Nd3 Qd2+ 80. Kf1 Qxd3+  0-1

[Event "Summer Prague Open 2023 - B"]
[Site "Olympik hotel, Sokolovska 138, Praha"]
[Date "2023.08.07"]
[Round "5"]
[Board "9"]
[White "Levitan, Liel"]
[Black "Kalvach, Ladislav"]
[Result "0-1"]
[WhiteElo "1283"]
[BlackElo "1769"]
[PlyCount "60"]
[EventDate "2023.08.04"]
[EventRounds "9"]
[EventCountry "CZE"]

1. e4 c5 2. c3 Nf6 3. e5 Nd5 4. d4 cxd4 5. cxd4 Nc6 6. Nf3 d6 7. Bc4 Nb6 8. Bb5 e6
9. O-O Be7 10. Nc3 O-O 11. Ne4 d5 12. Nc5 Nd7 13. Nxd7 Bxd7 14. a3 Nxe5 15. dxe5
Bxb5 16. Re1 Rc8 17. Nd4 Bd7 18. Qg4 Kh8 19. Re3 g6 20. Rh3 Qe8 21. Rh6 f5 22. Qh3
Qf7 23. Nf3 f4 24. Bd2 Rc4 25. Bb4 Rfc8 26. g3 Rc1+ 27. Rxc1 Rxc1+ 28. Be1 fxg3 29.
hxg3 d4 30. Kh2 Bc6  0-1

[Event "Summer Prague Open 2023 - B"]
[Site "Olympik hotel, Sokolovska 138, Praha"]
[Date "2023.08.07"]
[Round "5"]
[Board "10"]
[White "Bondarenko, Vova"]
[Black "Jaeger, Andre"]
[Result "1-0"]
[WhiteElo "1545"]
[BlackElo "1930"]
[PlyCount "69"]
[EventDate "2023.08.04"]
[EventRounds "9"]
[EventCountry "CZE"]

1. c4 g6 2. d4 Bg7 3. Nf3 Nf6 4. Nc3 O-O 5. e4 d6 6. Bg5 h6 7. Bh4 Nbd7 8. Bd3 e5
9. d5 Nc5 10. Bc2 a5 11. a4 g5 12. Bg3 Nh5 13. Qd2 f5 14. exf5 Bxf5 15. Bxf5 Rxf5
16. Qc2 e4 17. O-O Nxg3 18. hxg3 Bxc3 19. bxc3 Qf6 20. Nd4 Re5 21. Qd1 Qg6 22. f4
exf3 23. Qxf3 Rae8 24. Qf6 Qxf6 25. Rxf6 Ne4 26. Rxh6 Nxg3 27. Ne6 Ne4 28. Rg6+ Kh8
29. Rh6+ Kg8 30. Rg6+ Kh8 31. Nxc7 Rc8 32. Ne6 Rxc4 33. Rf1 Kh7 34. Nf8+ Kh8 35.
Rf7  1-0

[Event "Summer Prague Open 2023 - B"]
[Site "Olympik hotel, Sokolovska 138, Praha"]
[Date "2023.08.08"]
[Round "6"]
[Board "1"]
[White "Ilandzis, Spyridon"]
[Black "Samartzis, Mihail"]
[Result "1-0"]
[WhiteElo "1936"]
[BlackElo "1786"]
[PlyCount "63"]
[EventDate "2023.08.04"]
[EventRounds "9"]
[EventCountry "CZE"]

1. d4 Nf6 2. Bg5 d5 3. Bxf6 exf6 4. e3 Bd6 5. c4 dxc4 6. Bxc4 c6 7. Nc3 f5 8. Qf3
O-O 9. Nge2 Nd7 10. Ng3 g6 11. O-O-O Nf6 12. h3 Qc7 13. Nge2 b5 14. Bb3 a6 15. Kb1
b4 16. Na4 Ne4 17. g4 Bb7 18. gxf5 c5 19. d5 Rae8 20. h4 c4 21. Bc2 Nf6 22. h5 Re5
23. Nf4 gxf5 24. h6 Kh8 25. Rhg1 Rd8 26. Rg7 Bf8 27. Qg3 Qe7 28. Rg1 Ng4 29. Bxf5
Bxg7 30. hxg7+ Kg8 31. Qxg4 Qf6 32. Bxh7+  1-0

[Event "Summer Prague Open 2023 - B"]
[Site "Olympik hotel, Sokolovska 138, Praha"]
[Date "2023.08.08"]
[Round "6"]
[Board "2"]
[White "Marko, Ondrej"]
[Black "Guggenheim, Hans"]
[Result "1/2-1/2"]
[WhiteElo "1465"]
[BlackElo "1845"]
[PlyCount "38"]
[EventDate "2023.08.04"]
[EventRounds "9"]
[EventCountry "CZE"]

1. d4 d5 2. Nf3 Nf6 3. c4 c6 4. Nc3 a6 5. cxd5 cxd5 6. e3 Nc6 7. Bd3 Bg4 8. Ne2 e6
9. O-O Bd6 10. h3 Bh5 11. Ne5 Bxe2 12. Nxc6 Bxd1 13. Nxd8 Rxd8 14. Rxd1 b5 15. a3
Rc8 16. Bd2 O-O 17. Kf1 Rfd8 18. Rac1 Be7 19. Ke2 Nd7  1/2-1/2

[Event "Summer Prague Open 2023 - B"]
[Site "Olympik hotel, Sokolovska 138, Praha"]
[Date "2023.08.08"]
[Round "6"]
[Board "3"]
[White "Chinguun, Otgonbayar"]
[Black "Pesola, Jyrki"]
[Result "1-0"]
[WhiteElo "1914"]
[BlackElo "1842"]
[PlyCount "177"]
[EventDate "2023.08.04"]
[EventRounds "9"]
[EventCountry "CZE"]

1. d4 f5 2. Bg5 g6 3. Nc3 Bg7 4. e4 fxe4 5. Nxe4 d5 6. Nc5 b6 7. Nb3 Nf6 8. Nf3 O-O
9. c3 Qd6 10. Be2 c5 11. O-O Nbd7 12. Re1 Ne4 13. Be3 Bb7 14. Ng5 Nxg5 15. Bxg5 e5
16. Bg4 c4 17. dxe5 Nxe5 18. Nd4 Rae8 19. Be2 Nc6 20. Nxc6 Bxc6 21. Bf3 Re5 22. Qd2
Rfe8 23. Rxe5 Bxe5 24. h3 Rf8 25. Rd1 Rf5 26. Be3 Bf4 27. Bxf4 Qxf4 28. Qxf4 Rxf4
29. Bxd5+ Bxd5 30. Rxd5 Rf7 31. f3 Kf8 32. Rd8+ Kg7 33. Kf2 Rc7 34. f4 Kf7 35. g4
Ke7 36. Rd4 Ke6 37. Kf3 Kf6 38. Rd8 Ke7 39. Rd4 Ke6 40. Ke4 Ke7 41. Kd5 Rc5+ 42.
Ke4 Rc7 43. h4 Ke6 44. f5+ gxf5+ 45. gxf5+ Ke7 46. Kf4 Rc6 47. Rd2 a5 48. h5 a4 49.
Kg5 h6+ 50. Kf4 Rc5 51. Rg2 Rb5 52. Rg7+ Kf6 53. Rg6+ Kf7 54. Rxh6 Rxb2 55. Rc6 b5
56. Rb6 Rxa2 57. Rxb5 Rh2 58. Ra5 Rxh5 59. Rxa4 Rh3 60. Ra3 Kf6 61. Kg4 Rd3 62. Ra6+
Kf7 63. Ra7+ Kf6 64. Ra3 Re3 65. Kf4 Rd3 66. Ke4 Kg5 67. Ke5 Rf3 68. Kd4 Rf4+ 69.
Kc5 Kf6 70. Ra4 Rxf5+ 71. Kxc4 Ke6 72. Ra6+ Kd7 73. Rh6 Kc7 74. Kb4 Rf1 75. c4 Rb1+
76. Kc5 Rc1 77. Rh7+ Kd8 78. Kd6 Rd1+ 79. Kc6 Rd4 80. Rh8+ Ke7 81. c5 Rd1 82. Kc7
Rc1 83. c6 Rc2 84. Rh4 Ke6 85. Rh1 Rc3 86. Re1+ Kd5 87. Kd7 Rd3 88. c7 Kc5+ 89. Ke7
 1-0

[Event "Summer Prague Open 2023 - B"]
[Site "Olympik hotel, Sokolovska 138, Praha"]
[Date "2023.08.08"]
[Round "6"]
[Board "4"]
[White "Barlage, Tonio, Dr."]
[Black "Sterba, Erik"]
[Result "1/2-1/2"]
[WhiteElo "1830"]
[BlackElo "1761"]
[PlyCount "53"]
[EventDate "2023.08.04"]
[EventRounds "9"]
[EventCountry "CZE"]

1. c4 Nf6 2. Nf3 g6 3. g3 Bg7 4. Bg2 O-O 5. O-O c5 6. Nc3 d5 7. cxd5 Nxd5 8. Nxd5
Qxd5 9. d3 Nc6 10. Ng5 Qd7 11. Rb1 b6 12. Bd2 Bb7 13. Bc3 e5 14. a3 h6 15. Ne4 Nd4
16. b4 cxb4 17. axb4 Rfc8 18. Bxd4 exd4 19. Qb3 Rc7 20. Rbc1 Rac8 21. Rc4 Rxc4 22.
dxc4 Rd8 23. c5 bxc5 24. Nxc5 Bd5 25. Bxd5 Qxd5 26. Qxd5 Rxd5 27. Nd3  1/2-1/2

[Event "Summer Prague Open 2023 - B"]
[Site "Olympik hotel, Sokolovska 138, Praha"]
[Date "2023.08.08"]
[Round "6"]
[Board "5"]
[White "Shtyntsov, Victor"]
[Black "Bondarenko, Vova"]
[Result "1-0"]
[WhiteElo "1819"]
[BlackElo "1545"]
[PlyCount "73"]
[EventDate "2023.08.04"]
[EventRounds "9"]
[EventCountry "CZE"]

1. d4 Nf6 2. Nf3 g6 3. c4 Bg7 4. Nc3 d6 5. e3 O-O 6. Be2 Nbd7 7. O-O e5 8. Nd2 c6
9. Bf3 Ne8 10. d5 c5 11. e4 f5 12. Nb3 f4 13. Bg4 Ndf6 14. Bxc8 Rxc8 15. Qe2 g5 16.
f3 h5 17. Bd2 h4 18. h3 Nh5 19. Be1 Nef6 20. Qd1 Ng3 21. Rf2 Kh7 22. a4 Rh8 23. Ne2
Nfh5 24. a5 a6 25. Nd2 Nxe2+ 26. Rxe2 Ng3 27. Rf2 Qf6 28. Qb3 Rc7 29. Ra3 Qg6 30.
Qd3 Rf7 31. Rb3 Rhf8 32. Rb6 Bf6 33. Rxd6 Rd8 34. Re6 Re7 35. Rb6 Red7 36. Nb3 Be7
37. Rxg6  1-0

[Event "Summer Prague Open 2023 - B"]
[Site "Olympik hotel, Sokolovska 138, Praha"]
[Date "2023.08.08"]
[Round "6"]
[Board "6"]
[White "Pokorny, Jiri"]
[Black "Cabela, Filip"]
[Result "0-1"]
[WhiteElo "1813"]
[BlackElo "1631"]
[PlyCount "68"]
[EventDate "2023.08.04"]
[EventRounds "9"]
[EventCountry "CZE"]

1. e4 e5 2. d4 exd4 3. Bc4 Nf6 4. Nf3 Nc6 5. O-O Nxe4 6. Re1 d5 7. Bxd5 Qxd5 8. Nc3
Qd7 9. Nxe4 Be7 10. Bf4 O-O 11. Qd3 Nb4 12. Qd2 Nd5 13. Rad1 Qg4 14. Be5 Bf5 15.
h3 Qg6 16. Qxd4 Bxh3 17. Bg3 Be6 18. c4 Nb4 19. Qc3 Rfd8 20. Nd4 c5 21. Nxe6 Rxd1
22. Rxd1 Qxe6 23. f3 b6 24. a3 Nc6 25. Bf2 Rd8 26. Re1 Qg6 27. Qc1 Ne5 28. Qe3 Rd3
29. Qf4 Nxf3+ 30. Kf1 Nxe1 31. Bxe1 Bd6 32. Qh4 Rd4 33. Bg3 Rxe4 34. Qd8+ Bf8  0-1